000 00492 a2200193 4500
001 137999
020 _a9788554947071
040 _cLeonardo Da Vinci
041 _aPortuguês
082 _a341.272 D582t
_bD582t
100 _aDIMOULIS, Dimitri
_aMARTINS, Leonardo
245 _aTeoria geral dos direitos fundamentais
250 _a6. ed
260 _bAtlas
_c2018
_aSão Paulo
300 _a319
362 _a20180000
697 _aDireitos fundamentais
_aConstituição
942 _cBK
999 _c137999
_d137999